Battlefield 1 Multiplayer Maps - Statistics

General Stats
  • This quiz has been taken 343 times
  • The average score is 13 of 26
Answer Stats
Hint Answer % Correct
Large French City. Amiens
82%
Kantara, Egypt. Suez
79%
Thick Forest in France. Argonne Forest
76%
Egyptian Desert. Sinai Desert
73%
Italian Alps. Monte Grappa
71%
Riverside Chateau. Ballroom Blitz
67%
Ottoman Stronghold. Fao Fortress
63%
Italian Coastline. Empire's Edge
57%
French Stronghold. Fort De Vaux
55%
Airship Crash. Giant's Shadow
55%
Largest River in Russia. Volga River
54%
Burning Hillsides. Verdun Heights
53%
Poppy-filled fields. Rupture
48%
French Creekside. Soissons
47%
Russian City Center. Tsaritsyn
47%
Turkish Landscape. Achi Baba
46%
Central European Fields. Galicia
46%
French Countryside. St. Quentin Scar
42%
Belgian Mole. Zeebrugge
40%
Estonian Island Chain. Albion
38%
Turkish Coast. Cape Helles
37%
German Island Group. Heligoland Bight
37%
French City Center. Prise de Tahure
37%
Polish Hillside. Lupkow Pass
35%
Base of a Snowy Mountain. Brusilov Keep
32%
Nighttime Trench Warfare. Neville Nights
17%
No matching quizzes found
Score Distribution
Percent of People with Each Score
Percentile by Number Answered
Your Score History
You have not taken this quiz